Исследование статических режимов работы частотно-управляемого асинхронного электропривода в условиях низких температур; Известия Томского политехнического университета [Известия ТПУ]; Т. 315. № 4: Энергетика

Bibliografische gegevens
Parent link:Известия Томского политехнического университета [Известия ТПУ]/ Томский политехнический университет (ТПУ).— , 2000-
Т. 315. № 4: Энергетика.— 2009.— [С. 61-64]
Andere auteurs: Смирнов А. О. Александр Олегович, Ланграф С. В. Сергей Владимирович, Казаков В. С., Бекишев Р. Ф. Рудольф Фридрихович
Samenvatting:Заглавие с титульного листа
Электронная версия печатной публикации
Исследован частотно-управляемый асинхронный электропривод запорной арматуры при различных температурах окружающей среды. Показано влияние температуры на механические характеристики электропривода. Предложена имитационная модель, учитывающая влияние температуры на работу элементов электропривода.
Taal:Russisch
Gepubliceerd in: 2009
Reeks:Энергетика
Onderwerpen:
Online toegang:http://www.lib.tpu.ru/fulltext/v/Bulletin_TPU/2009/v315/i4/13.pdf
Formaat: MixedMaterials Elektronisch Hoofdstuk
KOHA link:https://koha.lib.tpu.ru/cgi-bin/koha/opac-detail.pl?biblionumber=177093

MARC

LEADER 00000nla2a2200000 4500
001 177093
005 20231215111447.0
035 |a (RuTPU)RU\TPU\book\191999 
035 |a RU\TPU\book\191990 
090 |a 177093 
100 |a 20100311d2009 k y0rusy50 ca 
101 0 |a rus 
102 |a RU 
135 |a drnn ---uucaa 
181 0 |a i  
182 0 |a b 
200 1 |a Исследование статических режимов работы частотно-управляемого асинхронного электропривода в условиях низких температур  |f А. О. Смирнов [и др.] 
203 |a Текст  |c электронный 
215 |a 1 файл (443 Кб) 
225 1 |a Энергетика 
300 |a Заглавие с титульного листа 
300 |a Электронная версия печатной публикации 
320 |a [Библиогр.: с. 64 (5 назв.)] 
330 |a Исследован частотно-управляемый асинхронный электропривод запорной арматуры при различных температурах окружающей среды. Показано влияние температуры на механические характеристики электропривода. Предложена имитационная модель, учитывающая влияние температуры на работу элементов электропривода. 
337 |a Adobe Reader 
461 1 |0 (RuTPU)RU\TPU\book\176237  |t Известия Томского политехнического университета [Известия ТПУ]  |f Томский политехнический университет (ТПУ)  |d 2000- 
463 1 |0 (RuTPU)RU\TPU\book\191878  |t Т. 315. № 4: Энергетика  |v [С. 61-64]  |d 2009  |p 179 с. 
610 1 |a системы автоматического управления 
610 1 |a асинхронные двигатели 
610 1 |a преобразователи частоты 
610 1 |a пониженные температуры 
610 1 |a работа 
610 1 |a устойчивость 
610 1 |a труды учёных ТПУ 
610 1 |a электронный ресурс 
701 1 |a Смирнов  |b А. О.  |c аспирант каф. электропривода и электрооборудования (ЭПЭО) ЭЛТИ, ТПУ  |f 1984-  |g Александр Олегович  |3 (RuTPU)RU\TPU\pers\25906 
701 1 |a Ланграф  |b С. В.  |c специалист в области электротехники  |c доцент Томского политехнического университета, кандидат технических наук  |f 1977-  |g Сергей Владимирович  |3 (RuTPU)RU\TPU\pers\25900  |9 11751 
701 1 |a Казаков  |b В. С. 
701 1 |a Бекишев  |b Р. Ф.  |c российский ученый, электротехник  |c профессор кафедры электропривода и электрооборудования Томского политехнического университета  |f 1940-  |g Рудольф Фридрихович  |3 (RuTPU)RU\TPU\pers\19768 
801 1 |a RU  |b 63413507  |c 20090623  |g PSBO 
801 2 |a RU  |b 63413507  |c 20211216  |g PSBO 
856 4 |u http://www.lib.tpu.ru/fulltext/v/Bulletin_TPU/2009/v315/i4/13.pdf 
942 |c CF